| 000 | 00789nam a2200181 i 4500 | ||
|---|---|---|---|
| 001 | 153842 | ||
| 003 | ES-MaACL | ||
| 005 | 20230906205414.0 | ||
| 008 | 940301s1851 sp |||| | spa d | ||
| 110 | 1 |
_aEspaña. _bCortes Generales. _bSenado. _bDepartamento de Biblioteca. _9165099 |
|
| 245 | 1 | 0 | _aReglamentos y catálogos por orden alfabético y de materias de la Biblioteca del Senado. |
| 260 |
_aMadrid : _b[s.n.], _c1851 ( _fImp. y fundición de Eusebio Aguado) |
||
| 300 |
_a671 p. ; _c23 cm. |
||
| 610 | 1 | 4 |
_aEspaña. _bCortes Generales. _bSenado. _bDepartamento de Biblioteca- _vReglamentos. _9165100 |
| 610 | 1 | 4 |
_aEspaña. _bCortes Generales. _bSenado. _bDepartamento de Biblioteca- _vCatálogos. _9165101 |
| 752 |
_aEspaña - _dMadrid |
||
| 852 |
_aES-MaACL _jD-1114 _z- Enc. hol. |
||
| 999 |
_c153842 _d153842 |
||